000
00266nam a2200109Ia 4500
005
20251222154406.0
008
251222s9999||||xx |||||||||||||| ||spa||
082
_a
869.15/Y28
100
_a
"Yáñez Delgadillo, Agustín"
245
0
_a
Las tierras flacas
942
_c
LIB
999
_c
35501
_d
35501